000 00200nam a22000857a 4500
999 _c23739
_d23739
005 20250212123617.0
008 250212b ||||| |||| 00| 0 eng d
040 _csk
245 _aTajomstvo olivového stromu